Computer Evidence ; (Record no. 36840)

MARC details
000 -LEADER
fixed length control field 00489nam a22001697a 4500
005 - DATE AND TIME OF LATEST TRANSACTION
control field 20250207164543.0
008 - FIXED-LENGTH DATA ELEMENTS--GENERAL INFORMATION
fixed length control field 250207b |||||||| |||| 00| 0 eng d
020 ## - INTERNATIONAL STANDARD BOOK NUMBER
ISBN 9781584504054
082 ## - DEWEY DECIMAL CLASSIFICATION NUMBER
Classification number 63.2596
Item number BRO-C
100 ## - MAIN ENTRY--AUTHOR
Author Name Brown, Christopher L.T.
245 ## - TITLE STATEMENT
Title Computer Evidence ;
Remainder of title Collection & Preservation /
Statement of responsibility, etc. cHRISTOPHER L.T.Brown
260 ## - PUBLICATION, DISTRIBUTION, ETC.
Place of Publication USA:
Name of publisher, distributor, etc. Elsevier;
Date of publication, distribution, etc. 2006.
300 ## - PHYSICAL DESCRIPTION
Pages xiv, 394 p,. :
500 ## - GENERAL NOTE
General note include index.
650 ## - SUBJECT ADDED ENTRY--TOPICAL TERM
Subject / Department Security
300 ## - PHYSICAL DESCRIPTION
-- ill;
-- 24 cm
952 ## - LOCATION AND ITEM INFORMATION (KOHA)
-- 0
-- 0
952 ## - LOCATION AND ITEM INFORMATION (KOHA)
-- 0
-- 0
952 ## - LOCATION AND ITEM INFORMATION (KOHA)
-- 0
-- 0
Holdings
Lost status Damaged status Collection code Permanent Location Current Location Shelving Location Date acquired Full Call Number Accession No./Barcode Date last seen Copy number item type Koha item type
    CS/IT Superior Information Resource Center (SIRC) Superior University- Gold Campus Superior Information Resource Center (SIRC) Superior University- Gold Campus Security 02/07/2025 363.25 BRO-C 2006 19622 02/07/2025 1 BOOK BOOK
    CS/IT Superior Information Resource Center (SIRC) Superior University- Gold Campus Superior Information Resource Center (SIRC) Superior University- Gold Campus Security 02/07/2025 363.25 BRO-C 2006 19634 02/07/2025 2 BOOK BOOK
    CS/IT Superior Information Resource Center (SIRC) Superior University- Gold Campus Superior Information Resource Center (SIRC) Superior University- Gold Campus Security 02/07/2025 363.25 BRO-C 2006 19659 02/07/2025 3 BOOK BOOK

Powered by Koha